[Event "POLFINAL MISTRZOSTW POLSKI JUNIOROW 2016 - C11"]
[Site "Centrum Kongresow i Rekreacji Orle Gniazdo ul. Wrzosowa 28a, Szczyrk"]
[Date "1899-12-30"]
[Round "4.10"]
[White "Bogusz, Alan"]
[Black "Karut, Kacper"]
[Result "1/2-1/2"]
[WhiteTitle "II"]
[BlackTitle "II"]
[WhiteElo "1476"]
[BlackElo "1170"]

1. e4 c5 2. Nf3 e6 3. Nc3 a6 4. d4 cxd4 5. Nxd4 b5 6. Bd3 Bb7 7. O-O d6 8. Qe2
Nd7 9. a4 b4 10. Na2 a5 11. Bb5 Qc7 12. c3 bxc3 13. bxc3 Ngf6 14. f3 Be7 15. Be3
O-O 16. c4 Nc5 17. Rab1 Rfd8 18. Rfc1 Rac8 19. Nc3 d5 20. cxd5 exd5 21. exd5 Nxd5
22. Nxd5 Rxd5 23. Bf2 Qe5 24. Qxe5 Rxe5 25. Re1 Bf6 26. Rxe5 Bxe5 27. Re1 f6 28.
Rc1 g6 29. Rc2 Rc7 30. Rc1 Rc8 31. Rc2 Rc7 32. Rc1 Rc8 33. Rc2 Rc7 1/2-1/2

[Event "POLFINAL MISTRZOSTW POLSKI JUNIOROW 2016 - C11"]
[Site "Centrum Kongresow i Rekreacji Orle Gniazdo ul. Wrzosowa 28a, Szczyrk"]
[Date "1899-12-30"]
[Round "4.11"]
[White "Wasik, Mateusz"]
[Black "Lupinski, Marcel"]
[Result "1/2-1/2"]
[WhiteTitle "II"]
[BlackTitle "II"]
[WhiteElo "1263"]
[BlackElo "1054"]

1. d4 d5 2. c4 e6 3. Nc3 c5 4. cxd5 exd5 5. Nf3 Nc6 6. g3 Nf6 7. Bg2 h6 8. O-O
Bf5 9. dxc5 Bxc5 10. a3 O-O 11. b4 Bb6 12. Bb2 a6 13. Rc1 Qd7 14. Qb3 Rad8 15.
Rfd1 Rfe8 16. e3 Be6 17. Qc2 Bg4 18. Na4 Ba7 19. Nc5 Bxc5 20. Qxc5 Ne4 21. Qc2
Qf5 22. Nd4 Nxd4 23. Rxd4 Rc8 24. Bxe4 dxe4 25. Qd2 Bh3 26. Qd1 Rxc1 27. Bxc1
h5 28. f3 h4 29. Rd8 Qe5 30. Bb2 Qxb2 31. Rxe8+ Kh7 32. Rh8+ Kxh8 33. Qd8+ Kh7
34. Qxh4+ Kg8 35. Qd8+ Kh7 36. Qh4+ Kg8 37. Qd8+ Kh7 38. Qh4+ 1/2-1/2

[Event "POLFINAL MISTRZOSTW POLSKI JUNIOROW 2016 - C11"]
[Site "Centrum Kongresow i Rekreacji Orle Gniazdo ul. Wrzosowa 28a, Szczyrk"]
[Date "1899-12-30"]
[Round "4.13"]
[White "Kotowicz, Kamil"]
[Black "Grodzicki, Piotr"]
[Result "0-1"]
[WhiteTitle "II"]
[BlackTitle "II"]
[WhiteElo "1045"]
[BlackElo "1199"]

1. d4 c6 2. c4 d5 3. e3 Nf6 4. Nc3 a6 5. Nf3 Bf5 6. cxd5 cxd5 7. Bd3 e6 8. Bxf5
exf5 9. Bd2 Bd6 10. Qb3 Bc7 11. O-O b5 12. a3 O-O 13. Qc2 Qd7 14. Rfc1 Rc8 15.
Qd3 Nc6 16. Ne2 Ne7 17. Rc2 Ne4 18. Rac1 Bb6 19. Rxc8+ Rxc8 20. Rxc8+ Qxc8 21.
Bb4 Ng6 22. Ng3 h6 23. Qd1 a5 24. Bd2 a4 25. Bb4 f4 26. Nxe4 dxe4 27. Nd2 f5 28.
g3 fxe3 29. fxe3 Bd8 30. Kf2 Ne7 31. Bxe7 Bxe7 32. Ke2 Kf7 33. Qb1 Kf8 34. Kd1
Ke8 35. Qc2 Qxc2+ 36. Kxc2 Kd7 37. Kc3 Ke6 38. b4 Kf6 39. Nf1 Kg5 40. h3 h5 41.
h4+ Kg4 42. Kd2 Kf3 43. Ke1 g5 44. hxg5 Bxg5 45. d5 Be7 46. Nd2+ Kxg3 47. Nc4
bxc4 48. b5 Bd6 0-1

[Event "POLFINAL MISTRZOSTW POLSKI JUNIOROW 2016 - C11"]
[Site "Centrum Kongresow i Rekreacji Orle Gniazdo ul. Wrzosowa 28a, Szczyrk"]
[Date "1899-12-30"]
[Round "5.1"]
[White "Jeda, Maciej"]
[Black "Kossowski, Pawel"]
[Result "1-0"]
[WhiteTitle "II"]
[BlackTitle "II"]
[WhiteElo "1312"]
[BlackElo "1273"]

1. e4 e5 2. Nf3 Nc6 3. Bc4 Bc5 4. c3 Nf6 5. d4 exd4 6. cxd4 Bb4+ 7. Nc3 Nxe4 8.
O-O Bxc3 9. d5 Bf6 10. dxc6 O-O 11. Bd5 Nd6 12. cxb7 Bxb7 13. Bf4 Bxd5 14. Qxd5
Ne8 15. Rad1 d6 16. b3 Be7 17. Nd4 Nf6 18. Qf3 Qd7 19. Rfe1 Rfe8 20. Nc6 Bf8 21.
Bg5 Ne4 22. Rxe4 Qxc6 23. Rxe8 Qxe8 24. h3 c6 25. b4 Rb8 26. a3 d5 27. Qc3 Qe6
28. Re1 Qd7 29. Be3 Qb7 30. Bc5 Qd7 31. Bd4 a6 32. Qd3 Qb7 33. Kh1 Qb5 34. Qc3
Rc8 35. Re3 Qf1+ 36. Kh2 Bd6+ 37. Be5 Bxe5+ 38. Qxe5 Rf8 39. Rc3 Qa1 40. Qe3 Rc8
41. Rxc6 Rf8 42. Rd6 h6 43. Rxd5 Qf6 44. Qg3 Rd8 45. Rxd8+ Qxd8 46. Qe5 Kh8 47.
a4 f6 48. Qc5 Qb8+ 49. Kg1 Qe8 50. b5 axb5 51. axb5 Qe1+ 52. Kh2 Qb1 53. b6 Qb2
54. Qc7 Kh7 55. b7 Qd4 56. b8=Q 1-0

[Event "POLFINAL MISTRZOSTW POLSKI JUNIOROW 2016 - C11"]
[Site "Centrum Kongresow i Rekreacji Orle Gniazdo ul. Wrzosowa 28a, Szczyrk"]
[Date "1899-12-30"]
[Round "5.2"]
[White "Kietrys, Maciej"]
[Black "Mocko, Maciej"]
[Result "1/2-1/2"]
[WhiteTitle "II"]
[BlackTitle "II"]
[WhiteElo "1438"]
[BlackElo "1195"]

1. e4 c5 2. Nc3 Nc6 3. g3 d6 4. Bg2 Nf6 5. d3 g6 6. Be3 Bg7 7. Qd2 O-O 8. Nge2
Bd7 9. O-O a6 10. d4 cxd4 11. Nxd4 Qc7 12. h3 Rac8 13. a4 Ne5 14. Qe2 Nc4 15.
Rab1 Nxe3 16. Qxe3 Qc4 17. Rfd1 Bxa4 18. f4 e5 19. Nb3 exf4 20. gxf4 Bxb3 21.
cxb3 Qc5 22. Qxc5 dxc5 23. e5 Nh5 24. Rf1 Rc7 25. Nd5 Rd7 26. Rbc1 b6 27. Nxb6
Rd3 28. Nd5 Rxb3 29. Rxc5 Rxb2 30. Ra5 Rd8 31. Rf2 Rxf2 32. Kxf2 Bh6 33. Ke3 Re8
34. Kf3 Rb8 35. Kg4 Rb3 36. Bf3 Rb1 37. Bg2 Rb3 38. Bf3 Rb1 39. Bg2 Rb2 40. Bf3
Nxf4 41. Nxf4 Rb4 42. Kg3 Bxf4+ 43. Kf2 Rb2+ 44. Be2 Bg3+ 45. Kf3 Rb3+ 46. Kg2
Re3 47. Bf3 Rxe5 48. Rxa6 Rg5 49. Kf1 Rf5 50. Kg2 Rg5 51. Kf1 Bf4 52. Ra4 Bh2
53. Kf2 Bg1+ 54. Kf1 Rg3 55. Bg2 Bc5 56. Rc4 Bd6 57. Rd4 Be5 58. Rd2 Kg7 59. Rd7
Ra3 60. Rd5 Kf6 61. Rd2 h5 62. Rf2+ Ke6 63. Rd2 f5 64. Kf2 Bg3+ 65. Ke2 f4 66.
Rd3 Ra2+ 67. Rd2 Rxd2+ 68. Kxd2 Kf5 69. Bf3 Bf2 70. Ke2 Be3 71. Kf1 Kg5 72. Be4
Kh6 73. Kg2 g5 74. Kf3 Kg7 75. Bd3 Kf6 76. Be4 Bd2 77. Bd3 Bb4 78. Be4 Be7 79.
Bd3 Bf8 80. Be4 Bg7 81. Bd3 Bh6 82. Be4 Bf8 83. Bc6 Bd6 84. Be8 g4+ 85. hxg4 h4
86. Bb5 Kg5 87. Bf1 Bc5 88. Bh3 Be7 89. Bg2 Kf6 90. Kxf4 Bd6+ 91. Kf3 Bg3 92.
Bh3 Ke5 93. Ke4+ 1/2-1/2

[Event "POLFINAL MISTRZOSTW POLSKI JUNIOROW 2016 - C11"]
[Site "Centrum Kongresow i Rekreacji Orle Gniazdo ul. Wrzosowa 28a, Szczyrk"]
[Date "1899-12-30"]
[Round "5.3"]
[White "Rybak, Igor"]
[Black "Tomkiewicz, Jakub"]
[Result "1-0"]
[WhiteTitle "II"]
[BlackTitle "II"]
[WhiteElo "1254"]
[BlackElo "1232"]

1. c4 Nf6 2. Nc3 e6 3. d4 d5 4. Nf3 c5 5. dxc5 Bxc5 6. Bg5 Bb4 7. a3 Bxc3+ 8. bxc3
O-O 9. e3 h6 10. Bh4 Nc6 11. g3 Ne7 12. Bxf6 gxf6 13. cxd5 Qxd5 14. Bg2 Qa5 15.
Qb3 Qd5 16. Qb4 Ng6 17. Rd1 Qc6 18. O-O a5 19. Qd4 e5 20. Qd2 Be6 21. Nxe5 Qc7
22. Nxg6 fxg6 23. Qd6 Qxd6 24. Rxd6 Bc4 25. Rfd1 Ba6 26. R1d5 Bc4 27. Rc5 Ba6
28. Rxa5 Rac8 29. Rd7 Rxc3 30. Bxb7 Bxb7 31. Rxb7 Rd8 32. Ra6 Rc2 33. Rxf6 g5
34. a4 Ra2 35. Ra7 h5 36. Rf5 Rd1+ 37. Kg2 Rdd2 38. a5 g4 39. a6 Ra1 40. h3 Rdd1
41. hxg4 Rg1+ 42. Kf3 hxg4+ 43. Kxg4 Rgf1 44. Rb5 Rxf2 45. Rb8+ Rf8 46. Rxf8+
Kxf8 47. Kf5 Ra5+ 48. Kf6 Ke8 49. g4 Ra3 50. Re7+ Kd8 51. a7 Ra6+ 52. Kf7 Kc8
53. a8=Q+ Rxa8 54. Re8+ Kb7 55. Rxa8 1-0

[Event "POLFINAL MISTRZOSTW POLSKI JUNIOROW 2016 - C11"]
[Site "Centrum Kongresow i Rekreacji Orle Gniazdo ul. Wrzosowa 28a, Szczyrk"]
[Date "1899-12-30"]
[Round "5.4"]
[White "Rosenfeld, Noe"]
[Black "Lokaj, Bartlomiej"]
[Result "0-1"]
[WhiteTitle "II"]
[BlackTitle "II"]
[WhiteElo "1237"]
[BlackElo "1249"]

1. e4 e5 2. Nf3 Nf6 3. d4 Nxe4 4. Bd3 d5 5. dxe5 Nc5 6. h3 Nxd3+ 7. Qxd3 Be7 8.
Nc3 c6 9. Bd2 Na6 10. g4 h6 11. a3 Nc5 12. Qd4 Ne6 13. Qd3 Ng5 14. Nxg5 Bxg5 15.
O-O-O Be6 16. f4 Bh4 17. f5 Bc8 18. Kb1 Qe7 19. Bf4 Bd7 20. Qd4 b6 21. Rd3 Bg5
22. e6 fxe6 23. fxe6 Bxe6 24. Re1 Bxf4 25. Qxf4 Rf8 26. Qe5 Rf6 27. Rxd5 Kf8 28.
Rd6 Ba2+ 29. Kxa2 Qxd6 30. Qxd6+ Rxd6 31. Rf1+ Rf6 32. Rxf6+ gxf6 33. Ne4 Ke7
34. Kb3 Rd8 35. Kc3 Ke6 36. Ng3 Rh8 37. Nf5 Rh7 38. h4 h5 39. Nd4+ Kd5 40. g5
fxg5 41. hxg5 Rg7 42. Kd3 Rxg5 43. c4+ Kd6 44. Ne2 h4 45. b4 Rg3+ 46. Nxg3 hxg3
47. Ke3 Ke5 48. a4 g2 49. Kf2 Kd4 0-1

[Event "POLFINAL MISTRZOSTW POLSKI JUNIOROW 2016 - C11"]
[Site "Centrum Kongresow i Rekreacji Orle Gniazdo ul. Wrzosowa 28a, Szczyrk"]
[Date "1899-12-30"]
[Round "5.5"]
[White "Wieczorek, Mikolaj"]
[Black "Tomkiewicz, Szymon"]
[Result "1-0"]
[WhiteTitle "II"]
[BlackTitle "II"]
[WhiteElo "1458"]
[BlackElo "1234"]

1. e4 d5 2. exd5 Qxd5 3. Nc3 Qa5 4. d4 c6 5. Bc4 Nf6 6. Bd2 Qc7 7. Nf3 Bg4 8. Qe2
e6 9. O-O-O Bd6 10. h3 Bh5 11. g4 Bg6 12. Ne5 Nbd7 13. Nxg6 hxg6 14. g5 Nd5 15.
Nxd5 cxd5 16. Bxd5 O-O-O 17. Bb3 Kb8 18. Kb1 Nb6 19. Qf3 Be7 20. Bf4 Bd6 21. Bxd6
Rxd6 22. Qg3 Rhd8 23. c3 Ka8 24. Qe5 Rg8 25. f4 Nd7 26. Qe3 Nb6 27. h4 Nc4 28.
Qd3 Nb6 29. Rde1 Nd5 30. Bxd5 Rxd5 31. Re5 Rgd8 32. Rhe1 Qc6 33. Qe2 Rc8 34. Rxd5
Qxd5 35. Qe5 Qxe5 36. fxe5 Kb8 37. Kc2 Kc7 38. Rf1 Rf8 39. Kd3 Kc6 40. c4 a6 41.
Ke4 Kd7 42. d5 Ke7 43. d6+ Kd7 44. b4 b6 45. a4 Kc6 46. Kd4 Kd7 47. b5 axb5 48.
axb5 Ke8 49. Ra1 f5 50. Ra8+ Kf7 51. Rxf8+ Kxf8 52. c5 bxc5+ 53. Kxc5 f4 54. b6
f3 55. b7 f2 56. b8=Q+ Kf7 57. Qb1 Kf8 58. Qf1 Kf7 59. Qxf2+ Kg8 60. d7 Kh8 61.
Qf8+ Kh7 62. Qf7 Kh8 63. Qxg6 Kg8 64. d8=R# 1-0

[Event "POLFINAL MISTRZOSTW POLSKI JUNIOROW 2016 - C11"]
[Site "Centrum Kongresow i Rekreacji Orle Gniazdo ul. Wrzosowa 28a, Szczyrk"]
[Date "1899-12-30"]
[Round "5.6"]
[White "Marcinkowski, Jan"]
[Black "Czernecki, Andrzej"]
[Result "0-1"]
[WhiteTitle "II"]
[BlackTitle "II"]
[WhiteElo "1194"]
[BlackElo "1266"]

1. e4 c5 2. Nf3 d6 3. d4 cxd4 4. Nxd4 Nf6 5. Nc3 Nc6 6. Nb3 e6 7. Be3 Be7 8. Be2
a6 9. Qd2 Bd7 10. f4 O-O 11. O-O-O b5 12. Bf3 e5 13. f5 Na5 14. Nxa5 Qxa5 15.
Kb1 b4 16. Ne2 Bc6 17. Bg5 Rfe8 18. Bxf6 gxf6 19. Ng3 Kh8 20. h4 Rab8 21. h5 Rg8
22. Rh3 Rg5 23. Nf1 Rc8 24. Ne3 Ba4 25. b3 Bc6 26. Nc4 Qc5 27. Nxd6 Bxd6 28. Qxd6
Qxd6 29. Rxd6 Rgg8 30. Rxf6 Kg7 31. Rd6 Rgd8 32. Rg3+ Kh8 33. Rf6 Be8 34. Rxa6
Rd2 35. c3 bxc3 36. Kc1 Rb2 37. Bd1 c2 38. Bxc2 Rcxc2+ 39. Kd1 Rxa2 40. Rd3 Rxa6
41. Kxc2 Kg7 42. Kc3 Ra2 43. Rd5 f6 44. g3 Rg2 45. Rd3 Re2 46. b4 Rxe4 47. Rd8
Bxh5 48. b5 Re3+ 49. Kb4 Bf3 50. Rd7+ Kh6 51. b6 Re1 52. Kc5 Rc1+ 53. Kb4 Rh1
54. Kc5 Kg5 55. b7 Bxb7 56. Rxb7 Kxf5 57. Rg7 h5 58. Kc4 Rg1 59. Kd3 h4 60. g4+
Rxg4 61. Rh7 Kf4 62. Rh6 f5 63. Ke2 Kg3 64. Rf6 f4 65. Ra6 f3+ 66. Kf1 Rb4 67.
Rg6+ Rg4 68. Ra6 h3 69. Kg1 e4 70. Ra3 Kf4+ 71. Kh2 f2 72. Ra8 Rg5 73. Ra1 Kf3
74. Ra3+ e3 75. Ra1 Rg1 76. Ra8 f1=Q 77. Rf8+ Ke2 78. Ra8 Kd3 79. Rd8+ Ke2 80.
Rd2+ Kf3 81. Re2 0-1

[Event "POLFINAL MISTRZOSTW POLSKI JUNIOROW 2016 - C11"]
[Site "Centrum Kongresow i Rekreacji Orle Gniazdo ul. Wrzosowa 28a, Szczyrk"]
[Date "1899-12-30"]
[Round "5.7"]
[White "Franc, Piotr"]
[Black "Rainer, Piotr"]
[Result "0-1"]
[WhiteTitle "II"]
[BlackTitle "III"]
[WhiteElo "1230"]
[BlackElo "1184"]

1. e4 c5 2. Nf3 Nc6 3. d4 cxd4 4. Nxd4 e5 5. Nb5 d6 6. N1c3 a6 7. Na3 b5 8. Nd5
Nce7 9. c4 Nxd5 10. cxd5 Nf6 11. Bd3 Be7 12. O-O O-O 13. Bg5 Nxd5 14. Bxe7 Nxe7
15. Rc1 Ng6 16. g3 Qg5 17. Nc2 Nf4 18. h4 Qg6 19. Ne3 Nh5 20. Nf5 Bxf5 21. exf5
Qh6 22. Be2 Nf6 23. Qxd6 Rfd8 24. Qc6 Qd2 25. Rc2 Qa5 26. Rfc1 h6 27. Bf3 Qxa2
28. Qxa8 Rxa8 29. Bxa8 Kh7 30. Bb7 a5 31. b4 Qa4 32. bxa5 Qxa5 33. Rc5 Nd7 34.
Rc7 Qd2 35. R7c2 Qd4 36. Bc6 b4 37. Rc4 Qd2 38. Bxd7 b3 39. f6 g6 40. Kg2 b2 41.
R1c2 Qxd7 42. Rb4 Qe6 43. Rcxb2 Qxf6 44. Rb6 Qe7 45. Rb7 Qf8 46. R2b5 Qa8 47.
Kh2 Kg7 48. Re7 Qa2 49. Kg2 e4 50. Rbe5 Kf6 51. Rxe4 Qd5 52. f3 g5 53. hxg5+ hxg5
54. R7e5 Qxe5 55. Rxe5 Kxe5 56. Kh2 f5 57. Kg2 Kd4 58. Kh3 Ke3 59. g4 f4 60. Kg2
Ke2 61. Kh2 Kxf3 62. Kh3 Ke2 63. Kg2 f3+ 64. Kh3 f2 65. Kg3 f1=Q 66. Kh2 Qf4+
67. Kh3 Ke3 68. Kg2 Qxg4+ 69. Kf1 Qf3+ 70. Kg1 Qe2 71. Kh1 Kf3 72. Kg1 Qg2# 0-1

[Event "POLFINAL MISTRZOSTW POLSKI JUNIOROW 2016 - C11"]
[Site "Centrum Kongresow i Rekreacji Orle Gniazdo ul. Wrzosowa 28a, Szczyrk"]
[Date "1899-12-30"]
[Round "5.8"]
[White "Skrzypczynski, Kacper"]
[Black "Sloniewski, Jakub"]
[Result "0-1"]
[WhiteTitle "II"]
[BlackTitle "II"]
[WhiteElo "1228"]
[BlackElo "1068"]

1. e4 d5 2. exd5 Nf6 3. Nf3 Nxd5 4. d3 g6 5. Be3 Bg7 6. c3 O-O 7. Be2 Nc6 8. O-O
Bf5 9. d4 e5 10. dxe5 Nxe3 11. fxe3 Nxe5 12. Nxe5 Bxe5 13. Na3 Qh4 14. g3 Qg5
15. Qc1 Bh3 16. Rf3 Bd7 17. e4 Qh5 18. Qd2 Rad8 19. Rxf7 Qh3 20. Rxf8+ Rxf8 21.
Qd5+ Qe6 22. Qxb7 Bc6 23. Qa6 Kg7 24. Bb5 Bxg3 25. Qxc6 Bf2+ 26. Kh1 Qe5 27. Rd1
Qh5 28. Rd3 Bb6 29. Qd7+ Rf7 30. Qh3 Qe2 31. Qxh7+ Kxh7 32. Rh3+ Qh5 33. Rxh5+
gxh5 34. Bd3 Rg7 35. h4 Rg4 36. e5+ Kg7 37. Nc4 Rxh4+ 38. Kg2 Rg4+ 39. Kf3 Rg1
40. Bf5 h4 41. Ne3 Rg3+ 0-1

[Event "POLFINAL MISTRZOSTW POLSKI JUNIOROW 2016 - C11"]
[Site "Centrum Kongresow i Rekreacji Orle Gniazdo ul. Wrzosowa 28a, Szczyrk"]
[Date "1899-12-30"]
[Round "5.9"]
[White "Karut, Kacper"]
[Black "Smuda, Tomasz"]
[Result "0-1"]
[WhiteTitle "II"]
[BlackTitle "III"]
[WhiteElo "1170"]
[BlackElo "1204"]

1. e4 c5 2. Nf3 d6 3. d4 Nf6 4. Nc3 cxd4 5. Nxd4 e5 6. Nb3 Be6 7. Bg5 Bxb3 8. cxb3
Be7 9. Qd2 h6 10. Be3 a6 11. f3 Nbd7 12. O-O-O Rc8 13. Kb1 O-O 14. g4 Nh7 15.
Nd5 Bg5 16. Bxg5 Nxg5 17. Bg2 Ne6 18. Nb4 Nd4 19. Rc1 Nc5 20. Rc3 b5 21. Rhc1
a5 22. Nd3 b4 23. Rc4 Ndxb3 24. axb3 Nxb3 25. Qc2 Rxc4 26. Qxc4 Nd2+ 27. Ka2 Nxc4
28. Rxc4 d5 29. Rc5 dxe4 30. Nxe5 b3+ 31. Kb1 e3 32. Bf1 Qd1+ 33. Rc1 e2 34. Bxe2
Qxe2 35. f4 a4 36. Rc3 Rd8 0-1

[Event "POLFINAL MISTRZOSTW POLSKI JUNIOROW 2016 - C11"]
[Site "Centrum Kongresow i Rekreacji Orle Gniazdo ul. Wrzosowa 28a, Szczyrk"]
[Date "1899-12-30"]
[Round "5.10"]
[White "Grodzicki, Piotr"]
[Black "Choina, Jan"]
[Result "1-0"]
[WhiteTitle "II"]
[BlackTitle "II"]
[WhiteElo "1199"]
[BlackElo "1099"]

1. e4 c5 2. Nc3 d6 3. Bc4 g6 4. d3 Bg7 5. f4 Nc6 6. Nf3 Bg4 7. h3 Bxf3 8. Qxf3
Nd4 9. Qd1 Nf6 10. Ne2 Nxe2 11. Qxe2 O-O 12. O-O e6 13. c3 d5 14. Bb3 Qc7 15.
e5 Nh5 16. Qf2 Bh8 17. d4 c4 18. Bc2 f6 19. Qe3 fxe5 20. fxe5 Rxf1+ 21. Kxf1 Rf8+
22. Kg1 Qe7 23. Bd2 b5 24. Rf1 Rxf1+ 25. Kxf1 a5 26. Qe1 a4 27. Kg1 a3 28. b4
cxb3 29. Bxb3 Ng7 30. Bc1 Nf5 31. Bc2 Nh4 32. Bd3 Nf5 33. Bxb5 Qb7 34. Bd3 Qa7
35. Kh1 Bg7 36. Bxf5 gxf5 37. Qe2 Qa4 38. Kg1 Bf8 39. g4 fxg4 40. Qxg4+ Kh8 41.
Bg5 Qd7 42. Kf2 Qf7+ 43. Qf3 Qxf3+ 44. Kxf3 Kg7 45. Ke2 Kg6 46. h4 h6 47. Bf6
Kf5 48. Kd3 h5 49. Bd8 Bh6 50. Kc2 Ke4 51. Be7 Kf5 52. Bxa3 Kg4 53. Be7 Bf4 54.
a4 Bg3 55. a5 Bxh4 56. Bxh4 Kxh4 57. a6 Kg3 58. a7 h4 59. a8=Q h3 60. Qg8+ Kh2
61. Qxe6 Kg3 62. Qxd5 h2 63. e6 Kf2 64. e7 Kg1 65. e8=Q h1=Q 66. Qxh1+ Kxh1 1-0

[Event "POLFINAL MISTRZOSTW POLSKI JUNIOROW 2016 - C11"]
[Site "Centrum Kongresow i Rekreacji Orle Gniazdo ul. Wrzosowa 28a, Szczyrk"]
[Date "1899-12-30"]
[Round "5.11"]
[White "Lupinski, Marcel"]
[Black "Bogusz, Alan"]
[Result "0-1"]
[WhiteTitle "II"]
[BlackTitle "II"]
[WhiteElo "1054"]
[BlackElo "1476"]

1. e4 c5 2. Nc3 d6 3. f4 Nf6 4. Nf3 a6 5. g3 g6 6. Bg2 Bg7 7. d3 Nc6 8. Bd2 Bg4
9. O-O O-O 10. Qe2 Nd4 11. Qe3 Nxc2 12. Qe2 Nxa1 13. Rxa1 Nd7 14. h3 Bxf3 15.
Bxf3 Rb8 16. Kh2 b5 17. Rb1 Nb6 18. f5 c4 19. g4 cxd3 20. Qxd3 Nc4 21. Bf4 Be5
22. Bxe5 Nxe5 23. Qe2 Nxf3+ 24. Qxf3 Qc7 25. Qf2 d5+ 26. Kg1 dxe4 27. Nxe4 Qb6
28. Nc5 Rbc8 29. b4 Rcd8 30. Re1 Qf6 31. Ne4 Qd4 32. Re3 Qd1+ 33. Re1 Qd4 34.
Re3 Qxb4 35. Kh2 Rd4 36. Qc2 Rfd8 37. Re2 Qc4 38. Qxc4 Rxc4 39. f6 exf6 40. Nxf6+
Kg7 41. g5 Rcd4 42. Ne8+ Kf8 43. Nc7 Rd2 44. Rxd2 Rxd2+ 45. Kg3 Rxa2 46. h4 b4
47. Kg4 b3 48. h5 b2 49. hxg6 hxg6 50. Nd5 b1=Q 51. Nf4 Qf5+ 52. Kh4 Qxf4+ 53.
Kh3 Rh2# 0-1

[Event "POLFINAL MISTRZOSTW POLSKI JUNIOROW 2016 - C11"]
[Site "Centrum Kongresow i Rekreacji Orle Gniazdo ul. Wrzosowa 28a, Szczyrk"]
[Date "1899-12-30"]
[Round "5.13"]
[White "Martyniak, Milosz"]
[Black "Fudal, Patryk"]
[Result "0-1"]
[WhiteTitle "II"]
[BlackTitle "III"]
[WhiteElo "1178"]
[BlackElo "1161"]

1. d4 Nf6 2. c4 e6 3. Bg5 b6 4. Nc3 Bb7 5. e3 Bb4 6. Nf3 Bxc3+ 7. bxc3 d6 8. Bd3
Nbd7 9. O-O c5 10. Nd2 Qc7 11. e4 h6 12. Be3 d5 13. cxd5 exd5 14. exd5 Nxd5 15.
c4 cxd4 16. Bxd4 Nf4 17. Re1+ Ne6 18. Be4 Bxe4 19. Nxe4 O-O 20. Rc1 Nxd4 21. Qxd4
Rad8 22. Qc3 Ne5 23. Re2 Qxc4 24. Qxc4 Nxc4 25. f4 Nd6 26. Nxd6 Rxd6 27. Re7 a5
28. Rb7 Rfd8 29. Kf1 Rd1+ 30. Rxd1 Rxd1+ 31. Ke2 Rb1 32. Kd3 Rb2 33. a4 Ra2 34.
Rxb6 Rxa4 35. g3 Ra2 36. Ra6 Rxh2 37. Rxa5 Rh3 38. Ke4 Rxg3 39. Ra8+ Kh7 40. Rf8
Kg6 41. Ra8 f5+ 42. Ke5 Re3+ 43. Kd4 Re4+ 44. Kd3 Rxf4 45. Ra6+ Kh5 46. Ke3 g5
47. Ra1 Re4+ 48. Kf3 g4+ 49. Kg3 f4+ 50. Kf2 Re3 51. Ra5+ Kh4 52. Ra4 g3+ 53.
Kg2 Re2+ 54. Kg1 Kg4 55. Kf1 Rf2+ 56. Kg1 Kh3 57. Ra1 f3 58. Rb1 Rg2+ 59. Kf1
Rh2 0-1

[Event "POLFINAL MISTRZOSTW POLSKI JUNIOROW 2016 - C11"]
[Site "Centrum Kongresow i Rekreacji Orle Gniazdo ul. Wrzosowa 28a, Szczyrk"]
[Date "1899-12-30"]
[Round "6.1"]
[White "Rybak, Igor"]
[Black "Jeda, Maciej"]
[Result "0-1"]
[WhiteTitle "II"]
[BlackTitle "II"]
[WhiteElo "1254"]
[BlackElo "1312"]

1. e4 e5 2. Nf3 Nc6 3. d4 exd4 4. Nxd4 Bc5 5. Be3 Qf6 6. c3 Nge7 7. Bc4 Bb6 8.
O-O d6 9. Nb5 a6 10. Nxd6+ cxd6 11. Bxb6 Qg6 12. Nd2 Ne5 13. Re1 O-O 14. Kh1 Be6
15. Bxe6 fxe6 16. Nf3 Nxf3 17. gxf3 Qf6 18. Qxd6 Qxf3+ 19. Kg1 Ng6 20. Qg3 Qh5
21. e5 Rf5 22. Kh1 Rf3 23. Qg1 Raf8 24. Rad1 Nh4 25. Re3 Rxe3 26. Bxe3 Qf3+ 0-1

[Event "POLFINAL MISTRZOSTW POLSKI JUNIOROW 2016 - C11"]
[Site "Centrum Kongresow i Rekreacji Orle Gniazdo ul. Wrzosowa 28a, Szczyrk"]
[Date "1899-12-30"]
[Round "6.2"]
[White "Lokaj, Bartlomiej"]
[Black "Mocko, Maciej"]
[Result "1-0"]
[WhiteTitle "II"]
[BlackTitle "II"]
[WhiteElo "1249"]
[BlackElo "1195"]

1. e4 c5 2. c3 Nf6 3. e5 Nd5 4. d4 cxd4 5. cxd4 Nc6 6. Nf3 d6 7. Bc4 Nb6 8. Bb5
Bg4 9. h3 Bxf3 10. Qxf3 Nd7 11. Bxc6 bxc6 12. exd6 exd6 13. O-O Rc8 14. Bf4 Be7
15. Nd2 O-O 16. Rfc1 Qb6 17. Nb3 a5 18. Qc3 a4 19. Nd2 Bf6 20. Nc4 Qxd4 21. Qxd4
Bxd4 22. Rd1 c5 23. Bxd6 Rfe8 24. Bg3 Re2 25. Kf1 Rc2 26. Rac1 Rxc1 27. Rxc1 Rc6
28. Re1 f6 29. Bd6 Bxb2 30. Re8+ Kf7 31. Re7+ Kg6 32. Rxd7 Bd4 33. Rc7 Ra6 34.
Bxc5 Bc3 35. Bf8 f5 36. Ne3 Rb6 37. Rxc3 Rb1+ 38. Ke2 Rb2+ 39. Rc2 a3 40. Bxa3
1-0

[Event "POLFINAL MISTRZOSTW POLSKI JUNIOROW 2016 - C11"]
[Site "Centrum Kongresow i Rekreacji Orle Gniazdo ul. Wrzosowa 28a, Szczyrk"]
[Date "1899-12-30"]
[Round "6.3"]
[White "Kossowski, Pawel"]
[Black "Wieczorek, Mikolaj"]
[Result "1/2-1/2"]
[WhiteTitle "II"]
[BlackTitle "II"]
[WhiteElo "1273"]
[BlackElo "1458"]

1. e4 e5 2. Nf3 Nc6 3. Bc4 Nf6 4. Ng5 d5 5. exd5 Nd4 6. c3 b5 7. Bf1 Nxd5 8. cxd4
Qxg5 9. Bxb5+ Kd8 10. Qf3 Bb7 11. O-O Rb8 12. dxe5 Ne3 13. Qh3 Qxg2+ 14. Qxg2
Nxg2 15. d4 Be7 16. f4 Nh4 17. Be2 Nf5 18. Rd1 Rg8 19. Bd3 g6 20. Bc2 Nh4 21.
Nd2 Nf5 22. Nb3 Nh4 23. Kf2 Bf3 24. Rg1 Bd5 25. Be3 Nf3 26. Rg2 Bh4+ 27. Ke2 Nxd4+
28. Bxd4 Bxg2 29. Bxa7 Rb7 30. Be3 Be7 31. Rd1+ Ke8 32. Kf2 Bc6 33. Rd2 Rb8 34.
Nd4 Ba8 35. Bb3 Rd8 36. Rc2 Rc8 37. Nb5 c6 38. Nd4 Kf8 39. Ba4 c5 40. Nb3 Be4
41. Rc4 Bd5 42. Rc3 Bxb3 1/2-1/2

[Event "POLFINAL MISTRZOSTW POLSKI JUNIOROW 2016 - C11"]
[Site "Centrum Kongresow i Rekreacji Orle Gniazdo ul. Wrzosowa 28a, Szczyrk"]
[Date "1899-12-30"]
[Round "6.4"]
[White "Tomkiewicz, Jakub"]
[Black "Kietrys, Maciej"]
[Result "0-1"]
[WhiteTitle "II"]
[BlackTitle "II"]
[WhiteElo "1232"]
[BlackElo "1438"]

1. c4 e5 2. g3 Nf6 3. Bg2 d5 4. cxd5 Nxd5 5. d3 Be6 6. Bd2 Nc6 7. Nc3 Be7 8. Nf3
Nb6 9. Be3 O-O 10. O-O f5 11. Qd2 h6 12. Qc2 f4 13. Bxb6 axb6 14. Nd2 fxg3 15.
fxg3 Qd4+ 16. Kh1 Nb4 17. Rxf8+ Rxf8 18. Qc1 Bg5 19. a3 Nc6 20. Bxc6 bxc6 21.
Nce4 Bd5 22. Nf3 Bxe4 23. dxe4 Bxc1 24. Nxd4 Bxb2 25. Rd1 Bxd4 26. Rc1 c5 27.
Rb1 Ra8 28. Rb3 Ra4 29. e3 c4 30. Rb5 Bxe3 31. Rxe5 c3 32. Kg2 c2 33. Re8+ Kh7
34. Re6 c1=Q 35. Kh3 Qf1+ 36. Kh4 Bg5+ 37. Kg4 Qd1+ 38. Kh3 Qd7 39. Kg2 Qxe6 40.
Kf2 Qxe4 0-1

[Event "POLFINAL MISTRZOSTW POLSKI JUNIOROW 2016 - C11"]
[Site "Centrum Kongresow i Rekreacji Orle Gniazdo ul. Wrzosowa 28a, Szczyrk"]
[Date "1899-12-30"]
[Round "6.5"]
[White "Czernecki, Andrzej"]
[Black "Grodzicki, Piotr"]
[Result "1-0"]
[WhiteTitle "II"]
[BlackTitle "II"]
[WhiteElo "1266"]
[BlackElo "1199"]

1. e4 c6 2. d4 d5 3. Nc3 dxe4 4. Nxe4 Bf5 5. Ng3 Bg6 6. h4 h6 7. Nf3 Nd7 8. h5
Bh7 9. Bd3 Bxd3 10. Qxd3 e6 11. Bd2 Ngf6 12. O-O-O Be7 13. c4 O-O 14. Bc3 Qc7
15. Ne5 Rfd8 16. Qe2 a6 17. Kb1 Nxe5 18. dxe5 Nd7 19. f4 b5 20. f5 b4 21. fxe6
fxe6 22. Qg4 Nf8 23. Bd2 Kh8 24. Be3 a5 25. c5 Rxd1+ 26. Rxd1 Rd8 27. Rxd8 Qxd8
28. Qd4 Qxd4 29. Bxd4 Kg8 30. Ne4 Nd7 31. Nd6 g6 32. g4 gxh5 33. gxh5 Bf8 34.
Nb7 a4 35. Nd8 Bxc5 36. Bxc5 Nxc5 37. Nxc6 b3 38. axb3 axb3 39. Nd4 Kf7 40. Nf3
Nd3 41. Nd4 Nxe5 42. Nxb3 Kf6 43. Nc5 Nf7 44. b4 Nd6 45. Kc2 e5 46. Kd3 Kg5 47.
Ne4+ Nxe4 48. Kxe4 Kxh5 49. b5 Kh4 50. b6 Kh3 51. b7 h5 52. b8=Q 1-0

[Event "POLFINAL MISTRZOSTW POLSKI JUNIOROW 2016 - C11"]
[Site "Centrum Kongresow i Rekreacji Orle Gniazdo ul. Wrzosowa 28a, Szczyrk"]
[Date "1899-12-30"]
[Round "6.6"]
[White "Rainer, Piotr"]
[Black "Rosenfeld, Noe"]
[Result "1-0"]
[WhiteTitle "III"]
[BlackTitle "II"]
[WhiteElo "1184"]
[BlackElo "1237"]

1. e4 c5 2. Nf3 d6 3. d4 cxd4 4. Nxd4 Nf6 5. Nc3 a6 6. f3 e5 7. Nb3 Be6 8. Be3
h5 9. Qd2 Nbd7 10. O-O-O Rc8 11. Kb1 b5 12. g3 Qc7 13. Bg2 Nb6 14. Bxb6 Qxb6 15.
f4 Ng4 16. Rde1 g6 17. Nd5 Bxd5 18. exd5 Rc7 19. h3 Nh6 20. fxe5 Re7 21. exd6
Qxd6 22. Qc3 Rh7 23. Qc8+ Qd8 24. Qxa6 Nf5 25. d6 1-0